| 000 | 01015nam a22002417a 4500 | ||
|---|---|---|---|
| 999 |
_c63282 _d63282 |
||
| 005 | 20240530110632.0 | ||
| 008 | 170911s2014 ua a f b 000 0dara d | ||
| 017 |
_a2011/21713 _bمصر . المركز القومى للترجمة |
||
| 020 | _a9789777189392 | ||
| 040 | _aEG-CaGPL | ||
| 082 | 0 | 4 |
_221 _a962.04\ _bق/ك م |
| 100 | 1 | _aكرومر ، اللورد . | |
| 245 | 1 | 0 |
_aمصر الحديثة / _cتاليف اللورد كرومر ؛ ترجمة و تصدير صبرى محمد حسن ؛ مراجعة و تقديم احمد زكريا الشلق . |
| 250 | _aط.1 | ||
| 260 |
_aالقاهرة : _bالمركز القومى للترجمة ، _c2014 . |
||
| 300 |
_a2 مج ؛ _c24 سم . |
||
| 490 | 0 |
_aالمركز القومى للترجمة ؛ _v2156 |
|
| 651 | 0 | 7 |
_aمصر _xتاريخ _yالعصر الحديث . |
| 651 | 0 | 7 |
_aمصر _xالاصلاح الاجتماعى |
| 700 | 0 |
_aصبرى محمد حسن _eمترجم |
|
| 700 | 0 |
_aاحمد زكريا الشلق _eمراجع . |
|
| 942 |
_2ddc _cBK |
||